Networked publics / (رقم التسجيلة. 21414)

تفاصيل مارك
000 -الفاتح
حقل البيانات ثابتة الطول 02106cam a2200397 a 4500
001 - رقم الضبط
رقم الضبط 15167495
003 - محدد رقم الضبط
رقم الضبط OSt
005 - وقت وتاريخ اخر تعامل مع التسجيلة
رقم الضبط 20150408114013.0
008 - عناصر البيانات ثابتة الطول - معلومات عامة
حقل البيانات ثابتة الطول 080205s2008 mau b 001 0 eng
010 ## - رقم ضبط مكتبة الكونجرس
رقم ضبط مكتبة الكونجرس 2008005365
015 ## - رقم الببليوجرافية الوطنية
رقم الببليوجرافية الوطنية GBA893319
المصدر bnb
016 7# - رقم ضبط الوكاله الوطنية للضبط الببليوجرافي
رقم ضبط التسجيلة 014679802
المصدر Uk
020 ## - الرقم الدولى المعيارى للكتب
الرقم الدولى المعيارى للكتاب 9780262220859
020 ## - الرقم الدولى المعيارى للكتب
الرقم الدولى المعيارى للكتاب 0262220857 (hardcover : alk. paper)
035 ## - رقم ضبط النظام
رقم ضبط النظام (OCoLC)ocn191865934
035 ## - رقم ضبط النظام
رقم ضبط النظام (OCoLC)191865934
040 ## - مصدر الفهرسة
وكالة الفهرسة الأصلية DLC
وكالة النسخ DLC
وكالة التعديل BTCTA
-- BAKER
-- YDXCP
-- UKM
-- C#P
-- DLC
043 ## - رمز المنطقة الجغرافية
رمز المنطقة الجغرافية n-us---
050 00 - رقم طلب مكتبة الكونجرس
رقم التصنيف HM851
رقم المادة .N4765 2008
082 00 - رقم تصنيف ديوى العشرى
رقم التصنيف 303.4833
رقم الطبعة 22
245 00 - بيان العنوان
العنوان Networked publics /
بيان المسئوليه,etc edited by Kazys Varnelis ; with contribution s by researchers in the Networked Publics Research Group, the Annenberg Center for Communication at the University of Southern California : Walter Baer ... [et al.].
260 ## - PUBLICATION, DISTRIBUTION, ETC. (IMPRINT)
مكان الناشر او الموزع Cambridge, Mass. :
اسم الناشر او الموزع MIT Press,
تاريخ النشر أو التوزيع c2008.
300 ## - الوصف المادى
التعداد x, 176 p. ;
أبعاد الوعاء 24 cm.
500 ## - تبصرة عامة
تبصرة عامة Product of a fellowship program at the Annenberg Center for Communication at the University of Southern California, 2005-2006.
504 ## - تبصرة ببليوجرافية
تبصرة ببليوجرافية,الخ Includes bibliographical references and index.
505 0# - تبصرة محتويات-الفهرس
تبصرة المحتويات المصاغة Place : the networking of public space / Kazys Varnelis and Anne Friedberg -- Culture : media convergence and networked participation / Adrienne Russell ... [et al.] -- Politics : deliberation, mobilization, and networked practices of agitation / Merlyna Lim and Mark E. Kann -- Infrastructure : network neutrality and networked futures / François Bar ... [et al.].
650 #0 - المدخل الاضافى بالموضوع-مصطلح موضوعى
مصطلح موضوعي أو اسم جغرافي كعنصر مدخل Internet
التقسيم الفرعي العام Social aspects
التقسيم الفرعي الجغرافي United States.
9 (RLIN) 10574
650 #0 - المدخل الاضافى بالموضوع-مصطلح موضوعى
مصطلح موضوعي أو اسم جغرافي كعنصر مدخل Internet
التقسيم الفرعي العام Political aspects
التقسيم الفرعي الجغرافي United States.
9 (RLIN) 10575
650 #0 - المدخل الاضافى بالموضوع-مصطلح موضوعى
مصطلح موضوعي أو اسم جغرافي كعنصر مدخل Online social networks
التقسيم الفرعي الجغرافي United States.
9 (RLIN) 10576
650 #0 - المدخل الاضافى بالموضوع-مصطلح موضوعى
مصطلح موضوعي أو اسم جغرافي كعنصر مدخل Convergence (Telecommunication)
9 (RLIN) 10577
700 1# - المدخل الاضافى - اسم شخصى
الإسم الشخصى Varnelis, Kazys.
9 (RLIN) 10578
710 2# - المدخل الاضافى - اسم هيئه
اسم الهيئة أو اسم السلطة كمدخل Annenberg Center for Communication (University of Southern California)
9 (RLIN) 10579
856 41 - الوصول و الموقع الالكترونى
مواد محددة Table of contents only
معرف المصدر الموحد <a href="http://www.loc.gov/catdir/toc/ecip0810/2008005365.html">http://www.loc.gov/catdir/toc/ecip0810/2008005365.html</a>
942 ## - عناصر المدخل الإضافي( كوها)
مصدر التصنيف او مخطط الترفيف Dewey Decimal Classification
Koha [default] item type كتاب
المقتنيات
حالة الفقد نموذج السعر الفعال حالة تلف ليس للاعارة رقم الطلب تاريخ الاكتساب الموقع الحالي الباركود الفرع الرئيسي Date last seen نوع المادة فى نظام كوها مصدر التصنيف او خطة الترفيف Total Checkouts
  2013-03-10     303.4833 N E P 2012-04-23 المكتبة المركزية بالمجمعة (CL) 00085029 المكتبة المركزية بالمجمعة (CL) 2013-03-10 كتاب Dewey Decimal Classification  
  2013-03-10     303.4833 N E P 2012-04-23 المكتبة المركزية بالمجمعة (CL) 00085030 المكتبة المركزية بالمجمعة (CL) 2013-03-10 كتاب Dewey Decimal Classification  
  2013-03-10     303.4833 N E P 2012-04-20 قسم الاجراءات الفنية (IC) 00084580 قسم الاجراءات الفنية (IC) 2013-03-10 كتاب Dewey Decimal Classification  
  2013-03-10     303.4833 N E P 2012-04-20 قسم الاجراءات الفنية (IC) 00084579 قسم الاجراءات الفنية (IC) 2013-03-10 كتاب Dewey Decimal Classification  
  2013-03-10     303.4833 N E P 2012-04-20 قسم الاجراءات الفنية (IC) 00084578 قسم الاجراءات الفنية (IC) 2013-03-10 كتاب Dewey Decimal Classification  
  2013-03-10     303.4833 N E P 2012-04-22 مكتبة كلية التربية بالزلفى - طالبات (EZF) 00085050 مكتبة كلية التربية بالزلفى - طالبات (EZF) 2013-03-10 كتاب Dewey Decimal Classification  
  2013-03-10     303.4833 N E P 2012-04-22 مكتبة كلية التربية بالزلفى - طالبات (EZF) 00085051 مكتبة كلية التربية بالزلفى - طالبات (EZF) 2013-03-10 كتاب Dewey Decimal Classification  
  2013-03-10     303.4833 N E P 2012-04-10 مكتبة مجمع الطالبات بالمجمعة (EMF) 00076317 مكتبة مجمع الطالبات بالمجمعة (EMF) 2013-03-10 كتاب Dewey Decimal Classification  
  2013-03-10     303.4833 N E P 2012-04-10 مكتبة مجمع الطالبات بالمجمعة (EMF) 00076318 مكتبة مجمع الطالبات بالمجمعة (EMF) 2013-03-10 كتاب Dewey Decimal Classification  
  2013-03-10     303.4833 N E P 2012-04-23 مكتبة مجمع الكليات بالزلفى - طلاب (SZM) 00085184 مكتبة مجمع الكليات بالزلفى - طلاب (SZM) 2013-03-10 كتاب Dewey Decimal Classification  
  2013-03-10     303.4833 N E P 2012-04-23 مكتبة مجمع الكليات بالزلفى - طلاب (SZM) 00085168 مكتبة مجمع الكليات بالزلفى - طلاب (SZM) 2013-03-10 كتاب Dewey Decimal Classification